| 000 | 00680nam a2200265 a 4500 | ||
|---|---|---|---|
| 005 | 20210219153053.0 | ||
| 008 | 991125n 000 0 u | ||
| 035 | _aUPN01000075860 | ||
| 100 | _aWEBB, Wanda. | ||
| 222 | _aELEMENTARY SCHOOL GUIDANCE AND COUNSELING | ||
| 245 | _aEmpowering at-risk children | ||
| 300 | _a96-103 | ||
| 362 | _a1992 Vol. 27, no. 2, dec. | ||
| 653 | 0 | _aABUSO SEXUAL | |
| 653 | 0 | _aAPRENDIZAJE | |
| 653 | 0 | _aASESORIA EDUCATIVA | |
| 653 | 0 | _aBIBLIOTERAPIA | |
| 653 | 0 | _aCOMPORTAMIENTO | |
| 653 | 0 | _aCONOCIMIENTO | |
| 653 | 0 | _aEDUCACION ESPECIAL | |
| 653 | 0 | _aFAMILIA | |
| 653 | 0 | _aNIÑOS | |
| 904 |
_aAC _b013671 |
||
| 905 | _aArticulo | ||
| 999 |
_c67672 _d67672 |
||